Vista normal
Vista MARC
Entrada Personal Name
Número de registros utilizados en: 2
001 - CONTROL NUMBER
- control field: 8713
003 - CONTROL NUMBER IDENTIFIER
- control field: OSt
005 - DATE AND TIME OF LATEST TRANSACTION
- control field: 20200813120934.0
008 - FIXED-LENGTH DATA ELEMENTS
- fixed length control field: 200813|| aca||aabn | a|a d
040 ## - CATALOGING SOURCE
- Original cataloging agency: OSt
- Transcribing agency: OSt
100 ## - HEADING--PERSONAL NAME
- Personal name: Narváez Bonnet, Jorge Eduardo
670 ## - SOURCE DATA FOUND
- Source citation: Work cat.: (OSt)6002: Narváez Bonnet, Jorge Eduardo, autor, El seguro global para entidades financieras : , 1986